| 000 | 01736nam a2200373 c 4500 | ||
|---|---|---|---|
| 999 |
_c416751 _d416751 |
||
| 003 | BLK | ||
| 005 | 20250310165435.0 | ||
| 008 | 180408b bul|||||r ||||||| ||bul|| | ||
| 010 | _aKNG00036527000 | ||
| 020 | _a9789542804468 | ||
| 040 | _aBLK | ||
| 041 |
_aBUL _cBUL |
||
| 080 |
_aФорми на политическа организация. Държавите като политически сили. Вж и 308 ; 342 _b321 _x.011:316.6 _z321.011:316.6 |
||
| 100 | 1 |
_aГрийн, Робърт _eпърви автор _9273272 |
|
| 139 |
_aГрийн, Робърт _bГ 82 |
||
| 245 | 1 | 0 |
_a[Четиридесет и осем-те] 48-те закона на властта _bАко искате да сте Героят на Историята _cРобърт Грийн; прев. от англ. Стамен Стойчев; прев. от англ. Диана Кутева. |
| 257 | _aUSA | ||
| 260 |
_bСиела Софт енд Паблишинг _c2014 _aСофия |
||
| 300 |
_a776 с. _c21 см |
||
| 380 | _a3 | ||
| 490 | 1 | _aПоредица Войни и власт | |
| 500 | _aОриг. загл. The 48 Laws of Power / Robert Greene. - Библиогр. с. 772-774 ; Именен показалец с речник. | ||
| 504 | _a772-774 | ||
| 650 | 4 |
_aВласт - социалнопсихологични проблеми _9273273 |
|
| 653 | _aвласт | ||
| 700 | 1 |
_aСтойчев, Стамен _eпрев. от англ. _9364220 |
|
| 700 | 1 |
_aКутева, Диана _eпрев. от англ. _9364219 |
|
| 856 | 4 | _qpdf | |
| 856 | 4 | _qpdf | |
| 942 |
_cKNG _n0 _026 _s1 |
||
| 944 |
_aCR _c15.01.2003 _k30576 _lЦветомила Тодорова |
||
| 944 |
_aED _c18.01.2012 |
||
| 999 | _d33834 | ||